Tình yêu đôi lứa trong ca dao - dân ca Nghệ Tĩnh
Nghệ Tĩnh - đặc điểm vùng đất con người và văn hóa dân gian...Biểu hiện tình yêu đôi lứa trong ca dao dân ca Nghệ Tĩnh...Nét văn hóa riêng của con người Nghệ Tĩnh thể hiện trong tình yêu đôi lứa...
Enregistré dans:
| Auteur principal: | |
|---|---|
| Autres auteurs: | |
| Format: | Livre |
| Langue: | Vietnamese |
| Publié: |
Đại học Sư Phạm
Đại học Đà Nẵng
2011
|
| Sujets: | |
| Tags: |
Ajouter un tag
Pas de tags, Soyez le premier à ajouter un tag!
|
| Thư viện lưu trữ: | Mạng thư viện Đại học Đà Nẵng |
|---|
| LEADER | 01428nam a2200325 4500 | ||
|---|---|---|---|
| 001 | 000011074 | ||
| 003 | 7302 | ||
| 005 | 20120201150216.0 | ||
| 008 | 120201s2011 viesd | ||
| 041 | |a vie | ||
| 072 | |a Khóa luận tốt nghiệp - Cử nhân văn học | ||
| 082 | |a 398.8 |b LE-H | ||
| 100 | 1 | |a Lê, Thị Ngọc Hiệp | |
| 245 | 1 | |a Tình yêu đôi lứa trong ca dao - dân ca Nghệ Tĩnh |c Lê, Thị Ngọc Hiệp | |
| 260 | |a Đại học Sư Phạm |b Đại học Đà Nẵng |c 2011 | ||
| 300 | |a 65 tr. |c 29 cm. | ||
| 500 | |a Khóa luận tốt nghiệp | ||
| 520 | |a Nghệ Tĩnh - đặc điểm vùng đất con người và văn hóa dân gian...Biểu hiện tình yêu đôi lứa trong ca dao dân ca Nghệ Tĩnh...Nét văn hóa riêng của con người Nghệ Tĩnh thể hiện trong tình yêu đôi lứa... | ||
| 653 | |a Ca dao - dân ca Nghệ Tĩnh | ||
| 700 | |a Lê Đức Luận |c Người hướng dẫn |e T.S | ||
| OWN | |a LSP | ||
| AVA | |a UDN50 |b LSP |d 398.8 LE-H |e available |t Error 5001 Not defined in file expand_doc_bib_avail. |f 1 |g 0 |h N |i 0 |k 1 | ||
| 999 | |a From the UDN01 | ||
| AVA | |a UDN50 |b LSP |d 398.8 LE-H |e available |t Error 5001 Not defined in file expand_doc_bib_avail. |f 1 |g 0 |h N |i 0 |k 1 | ||
| TYP | |a Monograph | ||
| TYP | |a Printed language | ||
| 980 | |a Mạng thư viện Đại học Đà Nẵng | ||